| 000 | 01474nam a2200445 i 4500 | ||
|---|---|---|---|
| 001 | 15124 | ||
| 003 | KOSZ 005 | ||
| 005 | 20200622102135.0 | ||
| 008 | 200401s1965 pl a f 001 0 pol | ||
| 015 | _aUWD 1965/2720 | ||
| 035 | _a991041581849705066 | ||
| 035 | _a(PL-WaBN)b21096727-48omnis_nlop | ||
| 035 | _ab21096727 | ||
| 035 | _a(OCoLC)233411921 | ||
| 035 | _a(PL)b0000002109672 | ||
| 035 | _a(EXLNZ-48OMNIS_NETWORK)9910003205505606 | ||
| 040 |
_aWA N _cWA N _dKOSZ 005/RW |
||
| 046 | _k1965 | ||
| 080 | _a621.38 | ||
| 100 | 1 |
_aGrzesiak, Kazimierz _eAutor |
|
| 245 | 1 | 0 |
_aNiezawodność urządzeń elektronicznych / _cKazimierz Grzesiak. |
| 260 |
_aWarszawa : _bPaństwowe Wydawnictwo Naukowe, _c1965. |
||
| 300 |
_a175, [1] stron : _bilustracje ; _c25 cm. |
||
| 336 |
_aTekst _btxt _2rdacontent |
||
| 337 |
_aBez urządzenia pośredniczącego _bn _2rdamedia |
||
| 338 |
_aWolumin _bnc _2rdacarrier |
||
| 380 | _aKsiążki | ||
| 380 | _aPublikacje fachowe | ||
| 388 | _a1901-2000 | ||
| 388 | _a1945-1989 | ||
| 504 | _aBibliografia w przypisach. Indeks. | ||
| 650 | 7 |
_aElektronika _2DBN |
|
| 650 | 7 | _aUrządzenia | |
| 650 | 7 |
_aNiezawodność urządzeń _2DBN |
|
| 658 | _aInżynieria i technika | ||
| 710 | 2 |
_aPaństwowe Wydawnictwo Naukowe _4pbl |
|
| 856 |
_uhttp://koha.tu.koszalin.pl/cgi-bin/koha/opac-detail.pl?biblionumber=15124 _yKatalog online BPK |
||
| 942 |
_2UKD _cKS |
||
| 999 |
_c15124 _d15124 |
||